[Event "415 Stay Safe Play From Home series"]
[Site "Emanuel Lasker Arena"]
[Date "2020.08.27"]
[Round "4"]
[White "NTBT_DHS"]
[Black "IceQueen"]
[Result "1-0"]
[WhiteElo "2553"]
[BlackElo "2337"]
[PlyCount "99"]
[EventDate "2020.08.27"]
[EventType "swiss (blitz)"]

1. e4 {[%emt 0:00:01]} c5 {[%emt 0:00:00]} 2. Nf3 {[%emt 0:00:01]} Nc6 {[%emt 0:00:00]} 3. c3 {[%emt 0:00:01]} e6 {[%emt 0:00:01]} 4. d4 {[%emt 0:00:01]} d5 {[%emt 0:00:00]} 5. exd5 {[%emt 0:00:02]} exd5 {[%emt 0:00:00]} 6. Be2 {[%emt 0:00:01]} c4 {[%emt 0:00:01]} 7. O-O {[%emt 0:00:01]} Nf6 {[%emt 0:00:00]} 8. b3 {[%emt 0:00:00]} cxb3 {[%emt 0:00:00]} 9. axb3 {[%emt 0:00:00]} Be7 {[%emt 0:00:00]} 10. b4 {[%emt 0:00:00]} O-O {[%emt 0:00:00]} 11. Nbd2 {[%emt 0:00:00]} a6 {[%emt 0:00:01]} 12. Qc2 {[%emt 0:00:01]} Bg4 {[%emt 0:00:02]} 13. h3 {[%emt 0:00:01]} Bh5 {[%emt 0:00:01]} 14. Nb3 {[%emt 0:00:02]} Rc8 {[%emt 0:00:00]} 15. Qb2 {[%emt 0:00:00]} Bg6 {[%emt 0:00:01]} 16. Nc5 {[%emt 0:00:01]} Qc7 {[%emt 0:00:02]} 17. Bg5 {[%emt 0:00:01]} Rfe8 {[%emt 0:00:02]} 18. Rfe1 {[%emt 0:00:01]} Ne4 {[%emt 0:00:01]} 19. Bxe7 {[%emt 0:00:03]} Rxe7 {[%emt 0:00:00]} 20. Bf1 {[%emt 0:00:01]} Bh5 {[%emt 0:00:01]} 21. Nxe4 {[%emt 0:00:02]} dxe4 {[%emt 0:00:02]} 22. Nd2 {[%emt 0:00:02]} Rce8 {[%emt 0:00:00]} 23. Nc4 {[%emt 0:00:01]} b5 {[%emt 0:00:06]} 24. Ne3 {[%emt 0:00:02]} Nb8 {[%emt 0:00:03]} 25. Nd5 {[%emt 0:00:02]} Qd6 {[%emt 0:00:00]} 26. Nxe7+ {[%emt 0:00:01]} Rxe7 {[%emt 0:00:00]} 27. Re3 {[%emt 0:00:01]} Bg6 {[%emt 0:00:01]} 28. g3 {[%emt 0:00:02]} f5 {[%emt 0:00:02]} 29. Bg2 {[%emt 0:00:00]} Nd7 {[%emt 0:00:01]} 30. Qa2+ {[%emt 0:00:01]} Re6 {[%emt 0:00:01]} 31. g4 {[%emt 0:00:05]} Bf7 {[%emt 0:00:05]} 32. gxf5 {[%emt 0:00:02]} Rf6 {[%emt 0:00:00]} 33. Qe2 {[%emt 0:00:02]} Bc4 {[%emt 0:00:03]} 34. Qg4 {[%emt 0:00:01]} Rf8 {[%emt 0:00:02]} 35. Rg3 {[%emt 0:00:02]} Qe7 {[%emt 0:00:02]} 36. Qxe4 {[%emt 0:00:01]} Qf7 {[%emt 0:00:02]} 37. d5 {[%emt 0:00:01]} Nf6 {[%emt 0:00:01]} 38. Qe6 {[%emt 0:00:01]} Bxd5 {[%emt 0:00:02]} 39. Bxd5 {[%emt 0:00:01]} Nxd5 {[%emt 0:00:01]} 40. Rxa6 {[%emt 0:00:00]} Qxe6 {[%emt 0:00:02]} 41. fxe6 {[%emt 0:00:01]} Nf4 {[%emt 0:00:01]} 42. e7 {[%emt 0:00:00]} Re8 {[%emt 0:00:01]} 43. Rf3 {[%emt 0:00:01]} Nd5 {[%emt 0:00:01]} 44. Rd6 {[%emt 0:00:01]} Nxe7 {[%emt 0:00:01]} 45. Re6 {[%emt 0:00:00]} g6 {[%emt 0:00:02]} 46. Kg2 {[%emt 0:00:00]} Kg7 {[%emt 0:00:01]} 47. h4 {[%emt 0:00:00]} h5 {[%emt 0:00:01]} 48. Kh3 {[%emt 0:00:00]} Kg8 {[%emt 0:00:01]} 49. Kg2 {[%emt 0:00:01]} Kg7 {[%emt 0:00:00]} 50. Rf4 {[%emt 0:00:01] Time Time Time (Lag: Av=0.48s, max=0.8s) (Lag: Av=0.48s, max=0.8s) (Lag: Av=0.48s, max=0.8s)} 1-0

[Event "415 Stay Safe Play From Home series"]
[Site "Emanuel Lasker Arena"]
[Date "2020.08.27"]
[Round "4"]
[White "Hickey"]
[Black "Mepe_Nika"]
[Result "0-1"]
[WhiteElo "2375"]
[BlackElo "2368"]
[PlyCount "96"]
[EventDate "2020.08.27"]
[EventType "swiss (blitz)"]

1. Nf3 {[%emt 0:00:02]} d5 {[%emt 0:00:01]} 2. b3 {[%emt 0:00:00]} Bf5 {[%emt 0:00:01]} 3. Bb2 {[%emt 0:00:00]} e6 {[%emt 0:00:00]} 4. d3 {[%emt 0:00:00]} h6 {[%emt 0:00:00]} 5. Nbd2 {[%emt 0:00:00]} Nf6 {[%emt 0:00:00]} 6. g3 {[%emt 0:00:00]} Be7 {[%emt 0:00:00]} 7. Bg2 {[%emt 0:00:00]} O-O {[%emt 0:00:00]} 8. O-O {[%emt 0:00:00]} c6 {[%emt 0:00:00]} 9. a3 {[%emt 0:00:00]} a5 {[%emt 0:00:01]} 10. c4 {[%emt 0:00:00]} Nbd7 {[%emt 0:00:01]} 11. Rc1 {[%emt 0:00:01]} Bh7 {[%emt 0:00:01]} 12. Rc2 {[%emt 0:00:00]} Re8 {[%emt 0:00:02]} 13. Qa1 {[%emt 0:00:00]} c5 {[%emt 0:00:01]} 14. Re1 {[%emt 0:00:04]} d4 {[%emt 0:00:01]} 15. Nf1 {[%emt 0:00:03]} e5 {[%emt 0:00:01]} 16. Rd2 {[%emt 0:00:01]} Rb8 {[%emt 0:00:01]} 17. e3 {[%emt 0:00:00]} Bd6 {[%emt 0:00:01]} 18. e4 {[%emt 0:00:01]} Rf8 {[%emt 0:00:02]} 19. h3 {[%emt 0:00:01]} Ne8 {[%emt 0:00:01]} 20. g4 {[%emt 0:00:01]} g6 {[%emt 0:00:02]} 21. Ng3 {[%emt 0:00:00]} Ng7 {[%emt 0:00:01]} 22. Rde2 {[%emt 0:00:01]} Ne6 {[%emt 0:00:01]} 23. Qd1 {[%emt 0:00:03]} b5 {[%emt 0:00:02]} 24. cxb5 {[%emt 0:00:02]} Rxb5 {[%emt 0:00:00]} 25. Rd2 {[%emt 0:00:03]} Qb6 {[%emt 0:00:01]} 26. Bc1 {[%emt 0:00:01]} Rxb3 {[%emt 0:00:01]} 27. Rc2 {[%emt 0:00:00]} Rc8 {[%emt 0:00:02]} 28. Bf1 {[%emt 0:00:01]} Rc3 {[%emt 0:00:01]} 29. Bxh6 {[%emt 0:00:02]} Rxa3 {[%emt 0:00:03]} 30. Bc1 {[%emt 0:00:02]} Rc3 {[%emt 0:00:01]} 31. Rxc3 {[%emt 0:00:01]} dxc3 {[%emt 0:00:00]} 32. Qc2 {[%emt 0:00:01]} Qb4 {[%emt 0:00:01]} 33. Ng5 {[%emt 0:00:03]} Nd4 {[%emt 0:00:03]} 34. Qd1 {[%emt 0:00:02]} Be7 {[%emt 0:00:01]} 35. Ne2 {[%emt 0:00:03]} Nf8 {[%emt 0:00:02]} 36. Nxh7 {[%emt 0:00:06]} Nxh7 {[%emt 0:00:02]} 37. Be3 {[%emt 0:00:03]} Nf3+ {[%emt 0:00:02]} 38. Kg2 {[%emt 0:00:02]} Nxe1+ {[%emt 0:00:01]} 39. Qxe1 {[%emt 0:00:00]} c2 {[%emt 0:00:01]} 40. Qc1 {[%emt 0:00:01]} Bg5 {[%emt 0:00:01]} 41. Bxg5 {[%emt 0:00:02]} Nxg5 {[%emt 0:00:01]} 42. Qxg5 {[%emt 0:00:00]} c4 {[%emt 0:00:02]} 43. dxc4 {[%emt 0:00:00]} Qxc4 {[%emt 0:00:00]} 44. Nc1 {[%emt 0:00:02]} Qxe4+ {[%emt 0:00:01]} 45. Kg1 {[%emt 0:00:00]} Qd4 {[%emt 0:00:03]} 46. Bd3 {[%emt 0:00:01]} Rd8 {[%emt 0:00:02]} 47. Bxg6 {[%emt 0:00:01]} Kf8 {[%emt 0:00:01]} 48. Qf6 {[%emt 0:00:01]} Qd1+ {[%emt 0:00:01] Time Time (Lag: Av=0.63s, max=1.1s) (Lag: Av=0.63s, max=1.1s) Time (Lag: Av=0.63s, max=1.1s)} 0-1

[Event "415 Stay Safe Play From Home series"]
[Site "Emanuel Lasker Arena"]
[Date "2020.08.27"]
[Round "4"]
[White "AChessPlayer"]
[Black "Tran Minh Thang"]
[Result "0-1"]
[WhiteElo "2350"]
[BlackElo "2444"]
[PlyCount "80"]
[EventDate "2020.08.27"]
[EventType "swiss (blitz)"]

1. Nf3 {[%emt 0:00:01]} Nf6 {[%emt 0:00:01]} 2. g3 {[%emt 0:00:00]} b6 {[%emt 0:00:00]} 3. Bg2 {[%emt 0:00:00]} Bb7 {[%emt 0:00:00]} 4. O-O {[%emt 0:00:00]} e6 {[%emt 0:00:00]} 5. c4 {[%emt 0:00:00]} Be7 {[%emt 0:00:00]} 6. Nc3 {[%emt 0:00:00]} O-O {[%emt 0:00:00]} 7. b3 {[%emt 0:00:00]} d5 {[%emt 0:00:00]} 8. Ne5 {[%emt 0:00:02]} Nbd7 {[%emt 0:00:00]} 9. d4 {[%emt 0:00:01]} c5 {[%emt 0:00:12]} 10. Nxd7 {[%emt 0:00:02]} Qxd7 {[%emt 0:00:02]} 11. cxd5 {[%emt 0:00:01]} Nxd5 {[%emt 0:00:01]} 12. Nxd5 {[%emt 0:00:01]} Bxd5 {[%emt 0:00:01]} 13. dxc5 {[%emt 0:00:00]} bxc5 {[%emt 0:00:03]} 14. Bb2 {[%emt 0:00:02]} Qc6 {[%emt 0:00:02]} 15. Bxd5 {[%emt 0:00:01]} exd5 {[%emt 0:00:00]} 16. Qc2 {[%emt 0:00:00]} Rac8 {[%emt 0:00:03]} 17. Rfd1 {[%emt 0:00:00]} Rfd8 {[%emt 0:00:01]} 18. Rac1 {[%emt 0:00:01]} Bf6 {[%emt 0:00:01]} 19. Bxf6 {[%emt 0:00:01]} Qxf6 {[%emt 0:00:00]} 20. Rd2 {[%emt 0:00:00]} h6 {[%emt 0:00:02]} 21. Rcd1 {[%emt 0:00:01]} d4 {[%emt 0:00:00]} 22. Qc4 {[%emt 0:00:01]} Qe5 {[%emt 0:00:01]} 23. Rd3 {[%emt 0:00:01]} Qxe2 {[%emt 0:00:01]} 24. Rxd4 {[%emt 0:00:03]} Qxd1+ {[%emt 0:00:01]} 25. Rxd1 {[%emt 0:00:01]} Rxd1+ {[%emt 0:00:00]} 26. Kg2 {[%emt 0:00:00]} Rc7 {[%emt 0:00:00]} 27. a3 {[%emt 0:00:02]} g6 {[%emt 0:00:01]} 28. b4 {[%emt 0:00:00]} Rd4 {[%emt 0:00:01]} 29. Qc3 {[%emt 0:00:02]} Rd5 {[%emt 0:00:00]} 30. b5 {[%emt 0:00:01]} c4 {[%emt 0:00:00]} 31. a4 {[%emt 0:00:01]} Rd3 {[%emt 0:00:00]} 32. Qe5 {[%emt 0:00:01]} Rdd7 {[%emt 0:00:01]} 33. Qc3 {[%emt 0:00:02]} Rd3 {[%emt 0:00:01]} 34. Qe5 {[%emt 0:00:01]} Rc8 {[%emt 0:00:00]} 35. a5 {[%emt 0:00:02]} c3 {[%emt 0:00:01]} 36. b6 {[%emt 0:00:10]} axb6 {[%emt 0:00:01]} 37. axb6 {[%emt 0:00:01]} c2 {[%emt 0:00:01]} 38. b7 {[%emt 0:00:00]} c1=Q {[%emt 0:00:00]} 39. bxc8=Q+ {[%emt 0:00:07]} Qxc8 {[%emt 0:00:00]} 40. Qe4 {[%emt 0:00:00]} Rc3 {[%emt 0:00:01] AChessPlayer resigns AChessPlayer resigns AChessPlayer resigns (Lag: Av=0.84s, max=1.8s) (Lag: Av=0.84s, max=1.8s) (Lag: Av=0.84s, max=1.8s)} 0-1

[Event "415 Stay Safe Play From Home series"]
[Site "Emanuel Lasker Arena"]
[Date "2020.08.27"]
[Round "4"]
[White "TheCHESSHOUSE"]
[Black "Fischer_11"]
[Result "1/2-1/2"]
[WhiteElo "2028"]
[BlackElo "2047"]
[Annotator "NA"]
[PlyCount "101"]
[EventDate "2020.08.27"]
[EventType "swiss (blitz)"]

1. d4 {[%emt 0:00:04]} e5 {[%emt 0:00:01]} 2. c4 {[%emt 0:00:00]} exd4 {[%emt 0:00:00]} 3. Qxd4 {[%emt 0:00:00]} Nc6 {[%emt 0:00:01]} 4. Qd1 {[%emt 0:00:00]} Nf6 {[%emt 0:00:00]} 5. Nf3 {[%emt 0:00:00]} Bb4+ {[%emt 0:00:00]} 6. Bd2 {[%emt 0:00:01]} O-O {[%emt 0:00:01]} 7. a3 {[%emt 0:00:01]} Bxd2+ {[%emt 0:00:03]} 8. Nbxd2 {[%emt 0:00:00]} Re8 {[%emt 0:00:02]} 9. e3 {[%emt 0:00:00]} Qe7 {[%emt 0:00:00]} 10. Be2 {[%emt 0:00:01]} Ne4 {[%emt 0:00:00]} 11. O-O {[%emt 0:00:01]} Nxd2 {[%emt 0:00:02]} 12. Qxd2 {[%emt 0:00:00]} Ne5 {[%emt 0:00:00]} 13. Nxe5 {[%emt 0:00:01]} Qxe5 {[%emt 0:00:00]} 14. Rad1 {[%emt 0:00:01]} d6 {[%emt 0:00:01]} 15. h3 {[%emt 0:00:01]} b6 {[%emt 0:00:01]} 16. Bf3 {[%emt 0:00:01]} Rb8 {[%emt 0:00:01]} 17. Qd4 {[%emt 0:00:01]} Bf5 {[%emt 0:00:04]} 18. Qh4 {[%emt 0:00:02]} Be4 {[%emt 0:00:02]} 19. Bxe4 {[%emt 0:00:02]} Qxe4 {[%emt 0:00:00]} 20. Qxe4 {[%emt 0:00:01]} Rxe4 {[%emt 0:00:00]} 21. b3 {[%emt 0:00:00]} a5 {[%emt 0:00:04]} 22. a4 {[%emt 0:00:02]} Rbe8 {[%emt 0:00:02]} 23. Rd5 {[%emt 0:00:01]} R8e5 {[%emt 0:00:03]} 24. Rfd1 {[%emt 0:00:02]} Rxd5 {[%emt 0:00:02]} 25. Rxd5 {[%emt 0:00:00]} g6 {[%emt 0:00:01]} 26. Kf1 {[%emt 0:00:01]} f5 {[%emt 0:00:01]} 27. Rd4 {[%emt 0:00:02]} Rxd4 {[%emt 0:00:03]} 28. exd4 {[%emt 0:00:00]} Kf7 {[%emt 0:00:00]} 29. f4 {[%emt 0:00:01]} Kf6 {[%emt 0:00:00]} 30. Kf2 {[%emt 0:00:00]} h6 {[%emt 0:00:00]} 31. Kf3 {[%emt 0:00:00]} c6 {[%emt 0:00:00]} 32. g4 {[%emt 0:00:01]} c5 {[%emt 0:00:01]} 33. d5 {[%emt 0:00:01]} fxg4+ {[%emt 0:00:02]} 34. hxg4 {[%emt 0:00:00]} h5 {[%emt 0:00:00]} 35. Kg3 {[%emt 0:00:06]} Kf7 {[%emt 0:00:01]} 36. f5 {[%emt 0:00:02]} hxg4 {[%emt 0:00:01]} 37. fxg6+ {[%emt 0:00:01]} Kxg6 {[%emt 0:00:00]} 38. Kxg4 {[%emt 0:00:00]} Kf6 {[%emt 0:00:01]} 39. Kh5 {[%emt 0:00:01]} Ke5 {[%emt 0:00:01]} 40. Kg6 {[%emt 0:00:01]} Kd4 {[%emt 0:00:01]} 41. Kf6 {[%emt 0:00:00]} Kc3 {[%emt 0:00:00]} 42. Ke6 {[%emt 0:00:00]} Kxb3 {[%emt 0:00:00]} 43. Kxd6 {[%emt 0:00:00]} Kxc4 {[%emt 0:00:00]} 44. Kc6 {[%emt 0:00:00]} Kb4 {[%emt 0:00:01]} 45. d6 {[%emt 0:00:00]} c4 {[%emt 0:00:00]} 46. d7 {[%emt 0:00:01]} c3 {[%emt 0:00:00]} 47. d8=Q {[%emt 0:00:01]} c2 {[%emt 0:00:00]} 48. Qd2+ {[%emt 0:00:01]} Kxa4 {[%emt 0:00:01]} 49. Qxc2+ {[%emt 0:00:00]} Kb4 {[%emt 0:00:01]} 50. Qb2+ {[%emt 0:00:01]} Ka4 {[%emt 0:00:01]} 51. Kxb6 {[%emt 0:00:01] (Lag: Av=0.68s, max=1.1s) (Lag: Av=0.68s, max=1.1s) (Lag: Av=0.68s, max=1.1s)} 1/2-1/2

[Event "415 Stay Safe Play From Home series"]
[Site "Emanuel Lasker Arena"]
[Date "2020.08.27"]
[Round "4"]
[White "Schachwerk_64"]
[Black "Nguyen Hong Anh"]
[Result "0-1"]
[WhiteElo "1955"]
[BlackElo "2323"]
[Annotator "NA"]
[PlyCount "68"]
[EventDate "2020.08.27"]
[EventType "swiss (blitz)"]

1. g3 {[%emt 0:00:02]} g6 {[%emt 0:00:01]} 2. Bg2 {[%emt 0:00:00]} d5 {[%emt 0:00:00]} 3. d3 {[%emt 0:00:00]} Bg7 {[%emt 0:00:00]} 4. Nd2 {[%emt 0:00:00]} Nf6 {[%emt 0:00:00]} 5. Ngf3 {[%emt 0:00:01]} O-O {[%emt 0:00:01]} 6. c4 {[%emt 0:00:01]} c5 {[%emt 0:00:01]} 7. cxd5 {[%emt 0:00:01]} Nxd5 {[%emt 0:00:00]} 8. O-O {[%emt 0:00:01]} Nc6 {[%emt 0:00:00]} 9. Rb1 {[%emt 0:00:00]} Ndb4 {[%emt 0:00:02]} 10. a3 {[%emt 0:00:01]} Nd5 {[%emt 0:00:01]} 11. Nc4 {[%emt 0:00:03]} b6 {[%emt 0:00:01]} 12. Bd2 {[%emt 0:00:02]} Bb7 {[%emt 0:00:01]} 13. b4 {[%emt 0:00:01]} cxb4 {[%emt 0:00:03]} 14. axb4 {[%emt 0:00:00]} Nc3 {[%emt 0:00:01]} 15. Bxc3 {[%emt 0:00:02]} Bxc3 {[%emt 0:00:00]} 16. b5 {[%emt 0:00:00]} Nd4 {[%emt 0:00:01]} 17. Rc1 {[%emt 0:00:02]} Nxf3+ {[%emt 0:00:02]} 18. Bxf3 {[%emt 0:00:03]} Bxf3 {[%emt 0:00:02]} 19. Rxc3 {[%emt 0:00:01]} Bb7 {[%emt 0:00:02]} 20. e4 {[%emt 0:00:03]} Rc8 {[%emt 0:00:02]} 21. Qg4 {[%emt 0:00:03]} Qd4 {[%emt 0:00:01]} 22. Rb3 {[%emt 0:00:02]} f5 {[%emt 0:00:03]} 23. Qg5 {[%emt 0:00:02]} fxe4 {[%emt 0:00:01]} 24. Qxe7 {[%emt 0:00:03]} Rf7 {[%emt 0:00:01]} 25. Qe6 {[%emt 0:00:03]} exd3 {[%emt 0:00:02]} 26. Nd6 {[%emt 0:00:01]} Rcf8 {[%emt 0:00:04]} 27. Nxb7 {[%emt 0:00:02]} d2 {[%emt 0:00:02]} 28. Rbb1 {[%emt 0:00:07]} Kh8 {[%emt 0:00:04]} 29. Nd6 {[%emt 0:00:01]} Rxf2 {[%emt 0:00:01]} 30. Rxf2 {[%emt 0:00:02]} Qxf2+ {[%emt 0:00:01]} 31. Kh1 {[%emt 0:00:01]} d1=Q+ {[%emt 0:00:01]} 32. Rxd1 {[%emt 0:00:01]} Qf3+ {[%emt 0:00:00]} 33. Kg1 {[%emt 0:00:01]} Qxd1+ {[%emt 0:00:01]} 34. Kg2 {[%emt 0:00:00]} Qf1# {[%emt 0:00:00] (Lag: Av=1.15s, max=1.9s) (Lag: Av=1.15s, max=1.9s) (Lag: Av=1.15s, max=1.9s)} 0-1

[Event "415 Stay Safe Play From Home series"]
[Site "Emanuel Lasker Arena"]
[Date "2020.08.27"]
[Round "4"]
[White "Ao017545"]
[Black "Klasman"]
[Result "1-0"]
[WhiteElo "1580"]
[BlackElo "1339"]
[Annotator "NA"]
[PlyCount "55"]
[EventDate "2020.08.27"]
[EventType "swiss (blitz)"]

1. e4 {[%emt 0:00:02]} f5 {[%emt 0:00:02]} 2. Nf3 {[%emt 0:00:00]} fxe4 {[%emt 0:00:01]} 3. Ne5 {[%emt 0:00:00]} Nf6 {[%emt 0:00:01]} 4. Qh5+ {[%emt 0:00:01]} Nxh5 {[%emt 0:00:02]} 5. Be2 {[%emt 0:00:01]} Nf6 {[%emt 0:00:02]} 6. g4 {[%emt 0:00:02]} h6 {[%emt 0:00:02]} 7. b3 {[%emt 0:00:06]} d5 {[%emt 0:00:01]} 8. f4 {[%emt 0:00:02]} Nc6 {[%emt 0:00:02]} 9. d3 {[%emt 0:00:04]} Qd6 {[%emt 0:00:04]} 10. Ng6 {[%emt 0:00:04]} Rh7 {[%emt 0:00:03]} 11. f5 {[%emt 0:00:01]} exd3 {[%emt 0:00:09]} 12. cxd3 {[%emt 0:00:02]} Nd4 {[%emt 0:00:02]} 13. Nc3 {[%emt 0:00:03]} Nc2+ {[%emt 0:00:01]} 14. Kd1 {[%emt 0:00:02]} Nxa1 {[%emt 0:00:02]} 15. Bf4 {[%emt 0:00:05]} Qa3 {[%emt 0:00:06]} 16. Bc1 {[%emt 0:00:04]} Qb4 {[%emt 0:00:03]} 17. Bb2 {[%emt 0:00:03]} Nxb3 {[%emt 0:00:02]} 18. axb3 {[%emt 0:00:01]} Qxb3+ {[%emt 0:00:01]} 19. Kc1 {[%emt 0:00:01]} b5 {[%emt 0:00:02]} 20. d4 {[%emt 0:00:01]} b4 {[%emt 0:00:01]} 21. Nb5 {[%emt 0:00:01]} Qe3+ {[%emt 0:00:01]} 22. Kb1 {[%emt 0:00:04]} Qxe2 {[%emt 0:00:01]} 23. Nxc7+ {[%emt 0:00:00]} Kd7 {[%emt 0:00:02]} 24. Nxa8 {[%emt 0:00:00]} Bb7 {[%emt 0:00:01]} 25. Rc1 {[%emt 0:00:01]} Bxa8 {[%emt 0:00:02]} 26. Ne5+ {[%emt 0:00:01]} Kd6 {[%emt 0:00:02]} 27. Bc3 {[%emt 0:00:01]} Qe4+ {[%emt 0:00:01]} 28. Kb2 {[%emt 0:00:02] Time Time Time (Lag: Av=0.67s, max=1.2s) (Lag: Av=0.67s, max=1.2s) (Lag: Av=0.67s, max=1.2s)} 1-0

[Event "415 Stay Safe Play From Home series"]
[Site "Emanuel Lasker Arena"]
[Date "2020.08.27"]
[Round "4"]
[White "Stepmaker"]
[Black "Lazieri3"]
[Result "0-1"]
[WhiteElo "1398"]
[BlackElo "2054"]
[PlyCount "36"]
[EventDate "2020.08.27"]
[EventType "swiss (blitz)"]

1. d4 {[%emt 0:00:01]} c6 {[%emt 0:00:00]} 2. Nf3 {[%emt 0:00:01]} d5 {[%emt 0:00:00]} 3. e3 {[%emt 0:00:00]} Nf6 {[%emt 0:00:01]} 4. c4 {[%emt 0:00:01]} Bf5 {[%emt 0:00:00]} 5. cxd5 {[%emt 0:00:02]} Nxd5 {[%emt 0:00:00]} 6. Nc3 {[%emt 0:00:01]} Nxc3 {[%emt 0:00:01]} 7. bxc3 {[%emt 0:00:02]} e6 {[%emt 0:00:00]} 8. Bc4 {[%emt 0:00:01]} Bd6 {[%emt 0:00:01]} 9. Bb2 {[%emt 0:00:01]} O-O {[%emt 0:00:01]} 10. O-O {[%emt 0:00:01]} Qe7 {[%emt 0:00:00]} 11. Re1 {[%emt 0:00:01]} Ba3 {[%emt 0:00:01]} 12. Bxa3 {[%emt 0:00:03]} Qxa3 {[%emt 0:00:00]} 13. e4 {[%emt 0:00:01]} Bg6 {[%emt 0:00:05]} 14. Qd3 {[%emt 0:00:01]} Nd7 {[%emt 0:00:01]} 15. Bb3 {[%emt 0:00:01]} Rfd8 {[%emt 0:00:02]} 16. Nh4 {[%emt 0:00:01]} Nc5 {[%emt 0:00:01]} 17. Nxg6 {[%emt 0:00:01]} Nxd3 {[%emt 0:00:01]} 18. Ne7+ {[%emt 0:00:01]} Qxe7 {[%emt 0:00:02] Stepmaker resigns} 0-1

[Event "415 Stay Safe Play From Home series"]
[Site "Emanuel Lasker Arena"]
[Date "2020.08.27"]
[Round "5"]
[White "Tran Minh Thang"]
[Black "Hickey"]
[Result "1/2-1/2"]
[WhiteElo "2457"]
[BlackElo "2358"]
[PlyCount "85"]
[EventDate "2020.08.27"]
[EventType "swiss (blitz)"]

1. Nf3 {[%emt 0:00:02]} Nf6 {[%emt 0:00:01]} 2. d4 {[%emt 0:00:00]} b6 {[%emt 0:00:00]} 3. c4 {[%emt 0:00:01]} Bb7 {[%emt 0:00:00]} 4. Nc3 {[%emt 0:00:00]} e6 {[%emt 0:00:01]} 5. Bg5 {[%emt 0:00:02]} Bb4 {[%emt 0:00:00]} 6. Qc2 {[%emt 0:00:01]} h6 {[%emt 0:00:00]} 7. Bxf6 {[%emt 0:00:00]} Qxf6 {[%emt 0:00:02]} 8. a3 {[%emt 0:00:00]} Bxc3+ {[%emt 0:00:01]} 9. bxc3 {[%emt 0:00:02]} c5 {[%emt 0:00:02]} 10. e4 {[%emt 0:00:01]} Nc6 {[%emt 0:00:01]} 11. Rd1 {[%emt 0:00:02]} O-O {[%emt 0:00:01]} 12. e5 {[%emt 0:00:05]} Qe7 {[%emt 0:00:02]} 13. Bd3 {[%emt 0:00:02]} d6 {[%emt 0:00:02]} 14. O-O {[%emt 0:00:02]} dxe5 {[%emt 0:00:02]} 15. dxe5 {[%emt 0:00:00]} Rfd8 {[%emt 0:00:00]} 16. Be4 {[%emt 0:00:00]} Rxd1 {[%emt 0:00:02]} 17. Rxd1 {[%emt 0:00:00]} Rd8 {[%emt 0:00:00]} 18. Rd2 {[%emt 0:00:04]} Rxd2 {[%emt 0:00:02]} 19. Qxd2 {[%emt 0:00:00]} Nd8 {[%emt 0:00:03]} 20. Bxb7 {[%emt 0:00:04]} Nxb7 {[%emt 0:00:00]} 21. h3 {[%emt 0:00:02]} Na5 {[%emt 0:00:01]} 22. Qd3 {[%emt 0:00:01]} Qe8 {[%emt 0:00:00]} 23. g4 {[%emt 0:00:01]} Qa4 {[%emt 0:00:01]} 24. Qd6 {[%emt 0:00:02]} Nxc4 {[%emt 0:00:03]} 25. Qd8+ {[%emt 0:00:01]} Kh7 {[%emt 0:00:01]} 26. Qe7 {[%emt 0:00:01]} Qd1+ {[%emt 0:00:01]} 27. Kg2 {[%emt 0:00:00]} Qd5 {[%emt 0:00:02]} 28. Qc7 {[%emt 0:00:06]} Nd2 {[%emt 0:00:02]} 29. Qxf7 {[%emt 0:00:01]} b5 {[%emt 0:00:05]} 30. Kg3 {[%emt 0:00:02]} Nxf3 {[%emt 0:00:02]} 31. Qxf3 {[%emt 0:00:00]} Qxe5+ {[%emt 0:00:00]} 32. Qf4 {[%emt 0:00:05]} Qxc3+ {[%emt 0:00:03]} 33. Kg2 {[%emt 0:00:01]} Qd4 {[%emt 0:00:02]} 34. Qf7 {[%emt 0:00:01]} Qd5+ {[%emt 0:00:00]} 35. Kg1 {[%emt 0:00:00]} b4 {[%emt 0:00:00]} 36. axb4 {[%emt 0:00:01]} cxb4 {[%emt 0:00:00]} 37. h4 {[%emt 0:00:00]} b3 {[%emt 0:00:00]} 38. g5 {[%emt 0:00:01]} hxg5 {[%emt 0:00:00]} 39. Qh5+ {[%emt 0:00:01]} Kg8 {[%emt 0:00:02]} 40. Qe8+ {[%emt 0:00:00]} Kh7 {[%emt 0:00:00]} 41. Qh5+ {[%emt 0:00:00]} Kg8 {[%emt 0:00:01]} 42. Qe8+ {[%emt 0:00:00]} Kh7 {[%emt 0:00:00]} 43. Qh5+ {[%emt 0:00:01] (Lag: Av=0.77s, max=1.0s) (Lag: Av=0.77s, max=1.0s) (Lag: Av=0.77s, max=1.0s)} 1/2-1/2

[Event "415 Stay Safe Play From Home series"]
[Site "Emanuel Lasker Arena"]
[Date "2020.08.27"]
[Round "5"]
[White "Mepe_Nika"]
[Black "NTBT_DHS"]
[Result "0-1"]
[WhiteElo "2386"]
[BlackElo "2561"]
[PlyCount "48"]
[EventDate "2020.08.27"]
[EventType "swiss (blitz)"]

1. Nf3 {[%emt 0:00:01]} g6 {[%emt 0:00:00]} 2. c4 {[%emt 0:00:01]} Bg7 {[%emt 0:00:00]} 3. Nc3 {[%emt 0:00:00]} d6 {[%emt 0:00:00]} 4. g3 {[%emt 0:00:01]} Nf6 {[%emt 0:00:00]} 5. Bg2 {[%emt 0:00:01]} O-O {[%emt 0:00:00]} 6. O-O {[%emt 0:00:00]} Nc6 {[%emt 0:00:00]} 7. d3 {[%emt 0:00:00]} e5 {[%emt 0:00:00]} 8. Rb1 {[%emt 0:00:01]} h6 {[%emt 0:00:00]} 9. b4 {[%emt 0:00:01]} Be6 {[%emt 0:00:00]} 10. b5 {[%emt 0:00:01]} Ne7 {[%emt 0:00:00]} 11. a4 {[%emt 0:00:00]} Qd7 {[%emt 0:00:00]} 12. Nd2 {[%emt 0:00:01]} Bh3 {[%emt 0:00:01]} 13. a5 {[%emt 0:00:01]} Bxg2 {[%emt 0:00:01]} 14. Kxg2 {[%emt 0:00:00]} b6 {[%emt 0:00:01]} 15. Ra1 {[%emt 0:00:02]} Nf5 {[%emt 0:00:01]} 16. Bb2 {[%emt 0:00:02]} Rae8 {[%emt 0:00:01]} 17. axb6 {[%emt 0:00:01]} axb6 {[%emt 0:00:01]} 18. Ra7 {[%emt 0:00:00]} Nd4 {[%emt 0:00:04]} 19. e3 {[%emt 0:00:03]} Ne6 {[%emt 0:00:01]} 20. Qa4 {[%emt 0:00:01]} Ng5 {[%emt 0:00:01]} 21. Ra1 {[%emt 0:00:02]} Qh3+ {[%emt 0:00:01]} 22. Kg1 {[%emt 0:00:01]} Ng4 {[%emt 0:00:00]} 23. Nf1 {[%emt 0:00:10]} Nf3+ {[%emt 0:00:01]} 24. Kh1 {[%emt 0:00:00]} Nxf2# {[%emt 0:00:00] (Lag: Av=0.57s, max=0.7s) (Lag: Av=0.57s, max=0.7s) (Lag: Av=0.57s, max=0.7s)} 0-1